| 000 | 00540nam a2200181Ia 4500 | ||
|---|---|---|---|
| 008 | 090124s9999 xx 000 0 und d | ||
| 082 | _b206589 | ||
| 100 | _aआलम खुर्शीद | ||
| 245 | _a भटके हुए लोग | ||
| 250 | _a1 | ||
| 260 |
_bआलम खुर्शीद _c2004 |
||
| 300 | _a169 | ||
| 600 | _aआलम खुर्शीद | ||
| 630 | _a भटके हुए लोग | ||
| 700 | _aआलम खुर्शीद | ||
| 730 | _a भटके हुए लोग | ||
| 942 | _cBOOK | ||
| 999 |
_c188205 _d188205 |
||